[Event "Bosnjaci op 22nd"]
[Site "Bosnjaci"]
[Date "2017.01.04"]
[Round "3"]
[White "Tomic, Ivan"]
[Black "Plenca, Jadranko"]
[Result "0-1"]
[WhiteElo "1869"]
[BlackElo "2424"]
[PlyCount "94"]
[EventDate "2017.01.03"]
[EventType "swiss"]
[EventRounds "9"]
[EventCountry "CRO"]
[SourceTitle "CBM 176 Extra"]
[Source "ChessBase"]
[SourceDate "2017.03.02"]
[SourceVersion "1"]
[SourceVersionDate "2017.03.02"]
[SourceQuality "1"]

1. f4 d5 2. Nf3 g6 3. e3 Bg7 4. d4 Nh6 5. Bb5+ c6 6. Bd3 Bf5 7. 0-0 0-0 8. Bxf5 Nxf5 9. Qd3 Nd7 10. Ne5 Nxe5 11. fxe5 f6 12. e4 dxe4 13. Qxe4 Qxd4+ 14. Qxd4 Nxd4 15. Na3 fxe5 16. Rxf8+ Rxf8 17. Be3 b6 18. Re1 Rd8 19. Bg5 Nf5 20. g4 Nd4 21. Kg2 Bf6 22. Be3 Ne6 23. g5 Nxg5 24. Bxg5 Bxg5 25. Rxe5 Bf6 26. Re2 Bxb2 27. Nc4 Bf6 28. Re6 Rd4 29. Rxc6 Rd7 30. Kf3 Kg7 31. h3 h5 32. a4 Rd5 33. Rc7 Rc5 34. Rxc5 bxc5 35. Na5 Kf7 36. Nc6 a6 37. Nd8+ Ke8 38. Ne6 Bd4 39. Nc7+ Kd7 40. Nxa6 Kc6 41. Ke4 Bf2 42. Ke5 Kb7 43. Nxc5+ Bxc5 44. Kf4 Kb6 45. Kg5 e5 46. Kxg6 e4 47. Kxh5 e3 0-1

[Event "Bosnjaci op 22nd"]
[Site "Bosnjaci"]
[Date "2017.01.03"]
[Round "1"]
[White "Tomic, Ivan"]
[Black "Kovacevic, Blazimir"]
[Result "0-1"]
[WhiteElo "1869"]
[BlackElo "2503"]
[PlyCount "64"]
[EventDate "2017.01.03"]
[EventType "swiss"]
[EventRounds "9"]
[EventCountry "CRO"]
[SourceTitle "CBM 176 Extra"]
[Source "ChessBase"]
[SourceDate "2017.03.02"]
[SourceVersion "1"]
[SourceVersionDate "2017.03.02"]
[SourceQuality "1"]

1. f4 d5 2. Nf3 g6 3. e3 Bg7 4. d4 Nh6 5. Bb5+ Nd7 6. Ne5 0-0 7. Nxd7 Bxd7 8. Bxd7 Qxd7 9. Nd2 Nf5 10. Nf3 c5 11. c3 Qc7 12. Qb3 e6 13. Qb5 Rfc8 14. Qxc5 Qxc5 15. dxc5 Rxc5 16. Ke2 b5 17. a3 a5 18. g4 Nd6 19. Nd2 Rc7 20. h4 Rb8 21. Nb3 Ne4 22. Kf3 b4 23. axb4 axb4 24. cxb4 Rc2 25. Rf1 h5 26. gxh5 Rxb4 27. Ra8+ Kh7 28. hxg6+ Kxg6 29. Nd4 Bxd4 30. exd4 Rb3+ 31. Be3 Nd2+ 32. Kg4 f5+ 0-1

[Event "Bosnjaci op 21st"]
[Site "Bosnjaci"]
[Date "2016.01.03"]
[Round "1"]
[White "Tomic, Ivan"]
[Black "Jovanovic, Zoran"]
[Result "0-1"]
[WhiteElo "1860"]
[BlackElo "2507"]
[PlyCount "70"]
[EventDate "2016.01.03"]
[EventType "swiss"]
[EventRounds "9"]
[EventCountry "CRO"]
[SourceTitle "CBM 170 Extra"]
[Source "ChessBase"]
[SourceDate "2016.02.25"]
[SourceVersion "1"]
[SourceVersionDate "2016.02.25"]
[SourceQuality "1"]

1. f4 g6 2. Nf3 Bg7 3. e3 Nf6 4. d4 d6 5. Bd3 0-0 6. 0-0 Nc6 7. Bb5 Bd7 8. Bxc6 Bxc6 9. Nc3 e6 10. Qd3 Bxf3 11. Rxf3 c5 12. d5 exd5 13. Nxd5 Nxd5 14. Qxd5 Qe7 15. c3 b5 16. a3 Rfe8 17. Bd2 a5 18. Raf1 Qe4 19. Qb3 a4 20. Qd1 f5 21. Bc1 d5 22. Qe2 Rab8 23. h4 h5 24. Rd1 Bf6 25. g3 b4 26. axb4 cxb4 27. cxb4 Rxb4 28. Rf2 Rc4 29. Qd2 Rec8 30. Rff1 Rc2 31. Qxd5+ Qxd5 32. Rxd5 Rxc1 33. Ra5 Rxf1+ 34. Kxf1 Rc1+ 35. Ke2 Ra1 0-1

[Event "Bosnjaci op 19th"]
[Site "Bosnjaci"]
[Date "2014.01.03"]
[Round "1"]
[White "Plenkovic, Zdenko"]
[Black "Tomic, Ivan"]
[Result "1-0"]
[WhiteElo "2404"]
[BlackElo "1881"]
[PlyCount "43"]
[EventDate "2014.01.03"]
[EventType "swiss"]
[EventRounds "9"]
[EventCountry "CRO"]
[SourceTitle "CBM 158 Extra"]
[Source "ChessBase"]
[SourceDate "2014.02.28"]
[SourceVersion "1"]
[SourceVersionDate "2014.02.28"]
[SourceQuality "1"]

1. e4 b6 2. d4 e6 3. Nf3 Bb7 4. Bd3 c5 5. c3 Nf6 6. Qe2 cxd4 7. cxd4 Bb4+ 8. Bd2 Nc6 9. Nc3 h6 10. 0-0 0-0 11. Rfe1 Bxc3 12. bxc3 Ne7 13. c4 Ba6 14. e5 Nh7 15. Bb4 f5 16. exf6 Rxf6 17. Bxe7 Qxe7 18. Bxh7+ Kxh7 19. Qe4+ Rf5 20. Qxa8 Bxc4 21. Qe4 Bd5 22. Qxf5+ 1-0

[Event "CRO-chT2 East"]
[Site "Osijek"]
[Date "2013.10.12"]
[Round "8.54"]
[White "Sedic, Mijo"]
[Black "Tomic, Ivan"]
[Result "1-0"]
[WhiteElo "2101"]
[BlackElo "1882"]
[PlyCount "89"]
[EventDate "2013.04.20"]
[EventType "team-tourn"]
[EventRounds "11"]
[EventCountry "CRO"]
[SourceTitle "EXT 2023"]
[Source "ChessBase"]
[SourceDate "2022.10.05"]
[SourceVersion "1"]
[SourceVersionDate "2022.10.05"]
[SourceQuality "1"]

1. e4 b6 2. Bc4 Nf6 3. Nc3 e6 4. Nf3 h6 5. 0-0 d5 6. exd5 exd5 7. Re1+ Be7 8. Bb3 0-0 9. Nxd5 Re8 10. Nxe7+ Rxe7 11. Rxe7 Qxe7 12. Qe1 Qxe1+ 13. Nxe1 Nc6 14. c3 Bd7 15. d4 Re8 16. Be3 Ng4 17. Nc2 Na5 18. Re1 Bf5 19. Na3 Nxb3 20. axb3 Bd3 21. h3 Nxe3 22. fxe3 f5 23. Kf2 a5 24. Rd1 Ba6 25. Nb1 Kf7 26. Re1 Bd3 27. Nd2 g5 28. Nf3 Kf6 29. Rc1 h5 30. Ne5 Be4 31. g3 Ra8 32. c4 a4 33. Ra1 axb3 34. Rxa8 Bxa8 35. Ke2 Be4 36. h4 gxh4 37. gxh4 Bc2 38. Kf3 Bd1+ 39. Kf4 Be2 40. c5 bxc5 41. Nd7+ Kg6 42. Nxc5 Bc4 43. Ke5 c6 44. Ne6 Bd3 45. Nf4+ 1-0

[Event "CRO-chT2 East"]
[Site "Osijek"]
[Date "2013.10.12"]
[Round "7.24"]
[White "Tomic, Ivan"]
[Black "Bosnjak, Nino"]
[Result "0-1"]
[WhiteElo "1882"]
[BlackElo "2235"]
[PlyCount "40"]
[EventDate "2013.04.20"]
[EventType "team-tourn"]
[EventRounds "11"]
[EventCountry "CRO"]
[SourceTitle "EXT 2023"]
[Source "ChessBase"]
[SourceDate "2022.10.05"]
[SourceVersion "1"]
[SourceVersionDate "2022.10.05"]
[SourceQuality "1"]

1. f4 Nf6 2. e3 d6 3. b3 g6 4. Nf3 Bg7 5. Bb2 0-0 6. Bxf6 Bxf6 7. d4 c5 8. c3 Qa5 9. Qd2 Nc6 10. a3 Bf5 11. Bd3 cxd4 12. Nxd4 Nxd4 13. cxd4 Qd5 14. Bxf5 gxf5 15. b4 Rac8 16. 0-0 Qb3 17. Rc1 e5 18. Rc3 Rxc3 19. Qxc3 Qd1+ 20. Kf2 exd4 0-1

[Event "CRO-chT2 East"]
[Site "Osijek"]
[Date "2013.05.12"]
[Round "6.64"]
[White "Egerc, Josip"]
[Black "Tomic, Ivan"]
[Result "0-1"]
[WhiteElo "2078"]
[BlackElo "1882"]
[PlyCount "54"]
[EventDate "2013.04.20"]
[EventType "team-tourn"]
[EventRounds "11"]
[EventCountry "CRO"]
[SourceTitle "EXT 2023"]
[Source "ChessBase"]
[SourceDate "2022.10.05"]
[SourceVersion "1"]
[SourceVersionDate "2022.10.05"]
[SourceQuality "1"]

1. e4 e6 2. d4 b6 3. Be3 Bb7 4. Nd2 Nf6 5. Bd3 d6 6. c3 c5 7. a3 c4 8. Bc2 Nbd7 9. a4 Be7 10. Qe2 Rc8 11. f4 Qc7 12. h3 0-0 13. Ngf3 Nh5 14. Qf2 e5 15. fxe5 dxe5 16. g4 exd4 17. cxd4 c3 18. bxc3 Qxc3 19. Rc1 Bxe4 20. Bxe4 Qxc1+ 21. Ke2 Qxh1 22. Ng5 Qc1 23. Bxh7+ Kh8 24. Qh4 Bxg5 25. Qxg5 Ng3+ 26. Kf3 Kxh7 27. Kxg3 Qe1+ 0-1

[Event "Bosnjaci op 18th"]
[Site "Bosnjaci"]
[Date "2013.01.03"]
[Round "1"]
[White "Zivkovic, Vjekoslav"]
[Black "Tomic, Ivan"]
[Result "1-0"]
[WhiteElo "2380"]
[BlackElo "1887"]
[PlyCount "101"]
[EventDate "2013.01.03"]
[EventType "swiss"]
[EventRounds "9"]
[EventCountry "CRO"]
[SourceTitle "CBM 152 Extra"]
[Source "ChessBase"]
[SourceDate "2013.02.25"]
[SourceVersion "1"]
[SourceVersionDate "2013.02.25"]
[SourceQuality "1"]

1. e4 b6 2. d4 Bb7 3. Nc3 e6 4. a3 Nf6 5. Bd3 c5 6. Nf3 cxd4 7. Nxd4 Nc6 8. Nxc6 Bxc6 9. 0-0 Qc7 10. Qe2 Bd6 11. f4 e5 12. f5 Bc5+ 13. Kh1 Bd4 14. Nb5 Bxb5 15. Bxb5 Qb7 16. c3 Bc5 17. Bd3 h6 18. b4 Be7 19. Bb2 0-0 20. Rae1 a5 21. Bc4 Rfc8 22. Qd3 Rc7 23. Re2 Rb8 24. Bb5 Rd8 25. c4 d6 26. Bc3 Nh5 27. g3 axb4 28. Bxb4 Nf6 29. Rd1 Kh7 30. Kg2 g6 31. fxg6+ fxg6 32. Rf1 Kg7 33. h3 Qc8 34. Bd2 Rf8 35. Qe3 g5 36. Qxb6 Rc5 37. Bb4 Rxc4 38. Bxc4 Qxc4 39. Qe3 Qc6 40. Rc1 Qb7 41. Qc3 Nxe4 42. Qc6 Qxc6 43. Rxc6 Nf6 44. Rxe5 dxe5 45. Bxe7 Rf7 46. Bxf6+ Rxf6 47. Rxf6 Kxf6 48. Kf3 Kf5 49. g4+ Ke6 50. Ke4 Kd6 51. a4 1-0

[Event "Bizovac Metalis op 15th"]
[Site "Bizovac"]
[Date "2008.02.21"]
[Round "1"]
[White "Tomic, Ivan"]
[Black "Orak, Ljubomir"]
[Result "0-1"]
[WhiteElo "1958"]
[BlackElo "2325"]
[PlyCount "54"]
[EventDate "2008.02.21"]
[EventType "swiss"]
[EventRounds "7"]
[EventCountry "CRO"]
[SourceTitle "CBM 122 Extra"]
[Source "ChessBase"]
[SourceDate "2008.03.04"]
[SourceVersion "1"]
[SourceVersionDate "2008.03.04"]
[SourceQuality "1"]

1. f4 d5 2. Nf3 Nf6 3. e3 g6 4. c4 Bg7 5. Nc3 0-0 6. Qb3 dxc4 7. Bxc4 Nc6 8. Ng5 e6 9. d4 Na5 10. Qb4 Nxc4 11. Qxc4 b6 12. b3 a5 13. Qc6 Ba6 14. Ba3 Re8 15. h3 Nd5 16. Nxd5 exd5 17. Kf2 h6 18. Nf3 Re6 19. Qc3 c5 20. Rac1 cxd4 21. Nxd4 Re4 22. g3 Rc8 23. Qa1 Bxd4 24. exd4 Re2+ 25. Kf3 Qe8 26. Qb1 Qe3+ 27. Kg4 Rg2 0-1

[Event "Bizovac Metalis op 13th"]
[Site "Bizovac"]
[Date "2006.02.23"]
[Round "1"]
[White "Feletar, Darko"]
[Black "Tomic, Ivan"]
[Result "1-0"]
[WhiteElo "2395"]
[BlackElo "1980"]
[PlyCount "62"]
[EventDate "2006.02.23"]
[EventType "swiss"]
[EventRounds "7"]
[EventCountry "CRO"]
[SourceTitle "CBM 110 Extra"]
[Source "ChessBase"]
[SourceDate "2006.03.10"]
[SourceVersion "2"]
[SourceVersionDate "2006.03.10"]
[SourceQuality "1"]

1. d4 f5 2. Nc3 Nf6 3. Bg5 e6 4. e4 fxe4 5. Nxe4 Be7 6. Bxf6 Bxf6 7. f4 d5 8. Nxf6+ Qxf6 9. g3 0-0 10. Nf3 Nd7 11. Bd3 c5 12. c3 c4 13. Bc2 h6 14. 0-0 Rf7 15. Qe2 a5 16. Rae1 Re7 17. Ne5 b5 18. Qh5 Nf8 19. g4 g5 20. f5 exf5 21. Bxf5 Bxf5 22. Rxf5 Qg7 23. Ref1 Rae8 24. Rf6 Rxe5 25. dxe5 Rd8 26. e6 d4 27. Rf7 Qe5 28. Rxf8+ Rxf8 29. Rxf8+ Kh7 30. Rf7+ Kg8 31. Qg6+ Kh8 1-0

[Event "CRO-chT3 East-A"]
[Site "Croatia"]
[Date "2005.03.20"]
[Round "2.2"]
[White "Tomic, Ivan"]
[Black "Markovic, Dragan"]
[Result "0-1"]
[WhiteElo "2011"]
[BlackElo "2165"]
[PlyCount "92"]
[EventDate "2005.03.13"]
[EventType "team-tourn"]
[EventRounds "11"]
[EventCountry "CRO"]
[SourceTitle "EXT 2007"]
[Source "ChessBase"]
[SourceDate "2006.11.23"]
[SourceVersion "1"]
[SourceVersionDate "2006.11.23"]
[SourceQuality "1"]
[WhiteTeam "Rusevica"]
[BlackTeam "Kutjevo"]
[WhiteTeamCountry "CRO"]
[BlackTeamCountry "CRO"]

1. f4 d5 2. Nf3 g6 3. e3 Bg7 4. Be2 c5 5. 0-0 Nf6 6. Bb5+ Bd7 7. c4 Bxb5 8. cxb5 Qa5 9. Nc3 0-0 10. Qa4 Qb6 11. b4 Nbd7 12. bxc5 Nxc5 13. Qd4 Rfd8 14. Ba3 Rac8 15. Rac1 e6 16. Rc2 Ng4 17. Ne5 Nxe5 18. fxe5 Ne4 19. Rfc1 Nxc3 20. dxc3 Rc4 21. Qxb6 axb6 22. Be7 Rdc8 23. Bd6 Re4 24. Kf2 Rcc4 25. Rd1 Bxe5 26. Bxe5 Rxe5 27. Rd4 Re4 28. Ke2 Kf8 29. Kd3 f5 30. Rb2 Ke7 31. Rb4 Rxb4 32. cxb4 Kd6 33. a4 e5 34. Rxe4 dxe4+ 35. Kc4 f4 36. exf4 exf4 37. a5 bxa5 38. bxa5 e3 39. a6 bxa6 40. bxa6 Kc6 41. a7 Kb7 42. Kd3 g5 43. Ke2 Kxa7 44. g3 Kb6 45. h4 h6 46. gxf4 gxf4 0-1